|
|
|
|
| LEADER |
00000nam a22000005a 4500 |
| 001 |
3892 |
| 003 |
CL-ChBUA |
| 005 |
20120815102838.0 |
| 008 |
070301s sl 000 0 eng |
| 040 |
|
|
|a CL-ChBUA
|c CL-ChBUA
|
| 082 |
0 |
0 |
|a 372.21
|
| 090 |
|
|
|c 3892
|d 3892
|
| 100 |
1 |
|
|a Spalding, Maud W.
|
| 245 |
1 |
0 |
|a Preschool manual :
|b section II stories
|
| 260 |
|
|
|b s.n.
|c [195?].
|
| 300 |
|
|
|a 103 p.
|c 28 cm.
|
| 504 |
|
|
|a Tabl. de cont.; índice.
|
| 650 |
|
4 |
|a EDUCACION PREESCOLAR.
|
| 650 |
|
4 |
|a METODOS DE ENSEÑANZA.
|
| 942 |
|
|
|c LIB
|
| 952 |
|
|
|0 0
|1 0
|2 ddc
|4 0
|6 372_210000000000000_SP_734
|7 0
|9 5721
|a UNACH
|b UNACH
|c 300
|d 2007-03-05
|i 13.561
|l 0
|o 372.21 / Sp 734.
|p 6720
|r 2012-12-27 00:00:00
|u 5721
|w 2012-08-08
|y LIB
|
| 999 |
|
|
|c 3892
|d 3892
|